LEADER 00910nam0 2200277 450 001 000016707 005 20080930140008.0 100 $a20080930d1977----km-y0itay50------ba 101 0 $aita 102 $aIT 105 $ay-------001yy 200 1 $a<>dialettica in Marx$edagli scritti giovanili all'Introduzione alla critica dell'economia politica$fMario Dal Pra 210 $aRoma$aBari$cLaterza$d1977 215 $aXX, 324 p.$d18 cm 225 2 $aUniversale Laterza 410 0$12001$aUniversale Laterza 610 1 $aMarx, Karl 610 1 $aMarx, Karl$aPensiero filosofico 676 $a335.4$v18$9Socialismo marxista. Comunismo 676 $a335.4112$v20$9Materialismo dialettico 700 1$aDal Pra,$bMario$0142745 801 0$aIT$bUNIPARTHENOPE$c20080930$gRICA$2UNIMARC 912 $a000016707 951 $a212.1/102$b3552$cNAVA2 996 $aDialettica in Marx$9203444 997 $aUNIPARTHENOPE